000
00281nam a22001217a 4500
999
_c
13542
_d
13542
082
_a
297
_b
ADE
100
_a
Adeel Zeerak
245
_a
Islam
_b
a superior system of life
260
_a
Charleston
_b
Createspace
300
_a
295 pages
650
_a
Islam, system of life
942
_c
BK